Logo BPK

Biblioteka

Politechniki Koszalińskiej

Franzosen Kreuz und Quer : (Rekord nr 50556)

Szczegóły MARC
000 -ETYKIETA REKORDU
podpole kontrolne o stałej długości 00482nam a2200181 i 4500
001 - NUMER KONTROLNY REKORDU
pole kontrolne bgj
040 ## - ŹRÓDŁO KATALOGOWANIA
Instytucja, która utworzyła rekord BPK
041 0# - KOD JĘZYKA
Kod języka tekstu ger
044 ## - KOD KRAJU WYDAWCY/PRODUCENTA
Kod kraju wydawcy/producenta DEU
080 ## - UNIWERSALNA KLASYFIKACJA DZIESIĘTNA - UKD
UKD 3
008 - POLE O STAŁEJ DŁUGOŚCI - DANE KONTROLNE
podpole kontrolne o stałej długości s gw f |000 0 ger
100 1# - NAZWA OSOBOWA
Nazwa osobowa LENZ, Walter.
245 10 - TYTUŁ/ODPOWIEDZIALNOŚĆ
Tytuł Franzosen Kreuz und Quer :
Ciąg dalszy tytułu ein weiteres Alphabet /
Pozostałe elementy strefy tytułu i oznaczenia odpowiedzialności Walter Lenz.
260 ## - STREFA ADRESU WYDAWNICZEGO
Miejsce wydania Düsseldorf :
Nazwa wydawcy/dystrybutora Eugen Diederichs Verlag,
Data publikacji, dystrybucji/powstania dokumentu 1956.
300 ## - STREFA OPISU FIZYCZNEGO
Objętość 204, [4] s., 8 k. ;
Inne cechy fizyczne il. ;
Rozmiary 22 cm.
650 ## - HASŁO PRZEDMIOTOWE W FORMIE NAZWY OGÓLNEJ LUB JEDNOSTKOWEJ
Nazwa ogólna lub geograficzna Nauki społeczne
856 ## - LOKALIZACJA I DOSTĘP DO ELEKTRONICZNYCH DOKUMENTÓW ZDALNYCH
Link (URL) http://koha.tu.koszalin.pl/cgi-bin/koha/opac-detail.pl?biblionumber=50556
Tekst linku Katalog online BPK
942 ## - DODATKOWE ELEMENTY (KOHA)
Typ dokumentu Książka
Egzemplarze
Wycofany Status egzemplarza Uszkodzony Dostępność Lokalizacja stała Lokalizacja bieżąca Miejsce przechowywania Sygnatura Kod kreskowy Typ dokumentu
      Dostępny Biblioteka Politechniki Koszalińskiej Biblioteka Politechniki Koszalińskiej Wypożyczalnia Językowa N 527 02121178 Książka
© 2023 Biblioteka Politechniki Koszalińskiej :: KOHA